Statistics for Famous Atheists and Agnostics

Click here to take the quiz!

General Stats

  • This quiz has been taken 233 times
    (212 since last reset)
  • The average score is 13 of 24

Answer Stats

HintAnswer% Correct
E = MC2Albert Einstein
95%
Soviet dictator during WWIIJosef Stalin
92%
Invented FacebookMark Zuckerberg
90%
Stars as Harry PotterDaniel Radcliffe
81%
The Science GuyBill Nye
80%
Invented the telephoneAlexander Graham Bell
77%
Martial arts superstarBruce Lee
76%
Father of psychoanalysisSigmund Freud
71%
Stars in Fight Club and World War ZBrad Pitt
64%
Ironically cast as God in Bruce AlmightyMorgan Freeman
61%
Author of The God DelusionRichard Dawkins
58%
Composed Piano ManBilly Joel
51%
Declared that "God is dead."Friedrich Nietzsche
51%
Second host of CosmosNeil deGrasse Tyson
47%
Author of God is Not GreatChristopher Hitchens
45%
First host of CosmosCarl Sagan
44%
Sam Harris
43%
Unified the general theory of relativity and quantum mechanicsStephen Hawking
42%
Author of Atlas ShruggedAyn Rand
38%
Seven Dirty WordsGeorge Carlin
31%
Leader of the women's suffrage movementSusan B. Anthony
29%
Daniel Dennett
28%
Stars in Being John Malkovich, Vanilla Sky, and Gangs of New YorkCameron Diaz
19%
Libertarian Fox News commentatorJohn Stossel
8%

Score Distribution

Percentile by Number Answered

Percent of People with Each Score

Your Score History

You have not taken this quiz since the last reset